Guess the Fusion Rock Song Lyrics #14 - Statistics

General Stats
  • This quiz has been taken 16 times
  • The average score is 142 of 225
Answer Stats
Answer % Correct
a
100%
I
100%
the
100%
my
92%
When
92%
when
92%
be
85%
call
85%
if
85%
me
85%
You
85%
you
85%
And
77%
and
77%
do
77%
is
77%
on
77%
On
77%
So
77%
there
77%
to
77%
your
77%
All
69%
can
69%
I'll
69%
name
69%
need
69%
no
69%
time
69%
you're
69%
You're
69%
don't
62%
feeling
62%
got
62%
Now
62%
of
62%
one
62%
only
62%
out
62%
that
62%
too
62%
with
62%
ever
54%
it's
54%
lonely
54%
somebody
54%
was
54%
were
54%
get
46%
last
46%
try
46%
hold
38%
Hold
38%
nights
38%
Ooh
38%
around
31%
fall
31%
JD Souther
31%
little
31%
There's
31%
world
31%
ashamed
23%
beside
23%
lots
23%
nothing
23%
ready
23%
shoulders
23%
small
23%
crime
15%
Darling
15%
queen
15%
we've
15%
wrong
15%
Remember
8%
woah
8%
Woah
8%
lonley
0%
No matching quizzes found
Score Distribution
Percent of People with Each Score
Percentile by Number Answered
Your Score History
You have not taken this quiz